000 00430nas a2200157 a 4500
001 68581
003 142074
005 20201118110541.0
008 ||||||n9999 ||| || ||
041 _aspa
245 0 _aBoletin Superintendencia de Sociedades - No.002
260 _aBogotá :
_bMinisterio de Desarrollo Económico,
_c1996.
562 _e0
773 _068580
_aBoletin Superintendencia de Sociedades
942 _cSISS
999 _c68581
_d68581